000 00616nam a2200193Ia 4500
001 10718
003 GE_BSU
008 181216s||||||||xx |||||||||||||| ||und||
040 _cGE_BSU
245 _aРеферативный журнал. Экономика промышленности. №6 2014
245 _bЭкономика агропромышленного комплекса
245 _cГл.ред.Минакир П.А.
260 _aМосква
260 _bВинити
260 _c2014
300 _a16стр.30см.
653 _aЭкономика промышленности
942 _cCR
999 _c43969
_d43969